Memoirs of Lt. Gen Gul Hassan Khan / (Record no. 565236)

000 -LEADER
fixed length control field 00394nam a2200133Ia 4500
008 - FIXED-LENGTH DATA ELEMENTS--GENERAL INFORMATION
fixed length control field 210430s9999 xx 000 0 und d
020 ## - INTERNATIONAL STANDARD BOOK NUMBER
International Standard Book Number 0-19-577447-7
082 ## - DEWEY DECIMAL CLASSIFICATION NUMBER
Classification number 355.0092 K451M
100 ## - MAIN ENTRY--PERSONAL NAME
Personal name Lt. Gen Gul Hassan Khan
9 (RLIN) 54608
245 ## - TITLE STATEMENT
Title Memoirs of Lt. Gen Gul Hassan Khan /
Statement of responsibility, etc. Lt. Gen Gul Hassan Khan
260 ## - PUBLICATION, DISTRIBUTION, ETC.
Place of publication, distribution, etc. Oxford
Name of publisher, distributor, etc. Oxford University press
Date of publication, distribution, etc. 1993
300 ## - PHYSICAL DESCRIPTION
Extent 438
942 ## - ADDED ENTRY ELEMENTS (KOHA)
Koha item type Book
Source of classification or shelving scheme
Holdings
Withdrawn status Lost status Damaged status Not for loan Collection code Permanent Location Current Location Shelving location Date acquired Total Checkouts Full call number Barcode Date last seen Price effective from Koha item type
          School of Chemical & Materials Engineering (SCME) School of Chemical & Materials Engineering (SCME) General Stacks 07/15/4   355.0092 K451M SCME-4525 04/30/2021 04/30/2021 Book
© 2023 Central Library, National University of Sciences and Technology. All Rights Reserved.